000 00983nmc a2200385 a 4500
003 AR-BaBNM
005 20251128205527.0
008 257119s1994 ||||||||||||||000 | spa||
020 _a84-297-2713-2
040 _cAR-BaBNM
100 1 _aHabermas, Jürgen
245 1 0 _aEnsayos políticos
250 _a2ª ed.
260 _aBarcelona
_bEdiciones Península
_c1994
300 0 _a285 p.
490 0 _aHistoria, ciencia, sociedad
_vv. 207
600 1 4 _aFoucault, Michel
600 1 4 _aGross, Johannes
600 1 4 _aHobbes, Thomas
600 1 4 _aKant, Immanuel
650 4 _aPENSAMIENTO
650 4 _aPOLITICA
650 4 _aFILOSOFIA
650 4 _aSOCIOLOGIA
650 4 _aSOCIEDAD CONTEMPORANEA
650 4 _aTEORIA POLITICA
650 4 _aLIBERALISMO
653 _aMODERNIDAD
653 _aNEOCONSERVADURISMO
653 _aNEOLIBERALISMO
653 _aILUSTRACION
700 1 _aGarcía Cotarelo, Ramón
_etraductor
942 _cBK
998 _cMariana
999 _c11752
_d11752